000 00725nam a2200253 4500
999 _c7149
_d7149
001 7149
003 UkOxU
005 20180224174020.0
008 741018s1958 xxka j 000 0 eng d
035 _a(BD-JChh)7149
040 _aUKM
_cUKM
_dEQO
041 _aeng
082 0 4 _a823.91
_aJ
_218
_bWAT 1958
100 1 _aWatson Reginald Forbes
245 1 0 _aShifta /
_c Reginald Forbes-Watson,, Illustrated by Joan Kiddell-Monroe.
260 _bOxford University Press,
_c1958.
300 _a186 p. :
_bill. ;
_c20 cm.
490 1 _aOxford Children's Library
500 _aOriginally published (B54-7479) 1954.
650 _aChildren stories
830 0 _aOxford Children's Library
942 _2ddc
_cBK